Normal view
MARC view
- السلوك الاداري - العلاقات الانسانية- القيادة الادارية - علم النفس الاداري
Entry Topical Term
001 - CONTROL NUMBER
- control field: 16114
003 - CONTROL NUMBER IDENTIFIER
- control field: JO-AjAnu
005 - DATE AND TIME OF LATEST TRANSACTION
- control field: 20230606072853.0
008 - FIXED-LENGTH DATA ELEMENTS
- fixed length control field: 230606|| aca||aabn | a|a d
040 ## - CATALOGING SOURCE
- Original cataloging agency: JO-AjAnu
- Transcribing agency: JO-AjAnu
150 ## - HEADING--TOPICAL TERM
- Topical term or geographic name entry element: السلوك الاداري - العلاقات الانسانية- القيادة الادارية - علم النفس الاداري
670 ## - SOURCE DATA FOUND
- Source citation: Work cat.: (JO-AjAnu)8271: تأليف: هاشم، زكي محمود, author 16113, الجوانب السلوكية في الادارة